El súbdito en torno a los orígenes del autoritarismo / (Registro nro. 5132)
[ vista simple ]
| 000 -LEADER | |
|---|---|
| fixed length control field | 00967nam a2200241Ia 4500 |
| 003 - CONTROL NUMBER IDENTIFIER | |
| control field | OSt |
| 005 - DATE AND TIME OF LATEST TRANSACTION | |
| control field | 20200329015537.0 |
| 008 - FIXED-LENGTH DATA ELEMENTS--GENERAL INFORMATION | |
| fixed length control field | 191128s1985 ck gr 000 0 spa d |
| 040 ## - CATALOGING SOURCE | |
| Original cataloging agency | CO-JMCR |
| Transcribing agency | CO-JMCR |
| 041 0# - LANGUAGE CODE | |
| Language code of text/sound track or separate title | spa |
| 082 04 - DEWEY DECIMAL CLASSIFICATION NUMBER | |
| Classification number | 320.53 / |
| Item number | J171s |
| Edition number | 21 |
| 100 1# - MAIN ENTRY--PERSONAL NAME | |
| Personal name | Jaramillo Vélez, Rubén, |
| Relator term | autor |
| 9 (RLIN) | 2100 |
| 245 13 - TITLE STATEMENT | |
| Title | El súbdito en torno a los orígenes del autoritarismo / |
| Statement of responsibility, etc. | Rubén Jaramillo Vélez |
| 250 ## - EDITION STATEMENT | |
| Edition statement | Segunda edición |
| 260 ## - PUBLICATION, DISTRIBUTION, ETC. | |
| Place of publication, distribution, etc. | Bogotá : |
| Name of publisher, distributor, etc. | Contraloría General de la Republica, |
| Date of publication, distribution, etc. | 1985 |
| 300 ## - PHYSICAL DESCRIPTION | |
| Extent | 94 páginas ; |
| Dimensions | 24 cm. |
| 490 0# - SERIES STATEMENT | |
| Series statement | Argumentos |
| 505 0# - FORMATTED CONTENTS NOTE | |
| Formatted contents note | Heinrich Mann (1871-1950) -- El súbito en torno a los orígenes del autoritarimo -- Heinrich Mann: espíritu y acción -- Wolfram Schütte : espíritu y acción, de Heinrich Mann |
| 650 14 - SUBJECT ADDED ENTRY--TOPICAL TERM | |
| Topical term or geographic name entry element | Mann, Heinrich |
| General subdivision | crítica e interpretación |
| Chronological subdivision | 1871-1950 |
| 9 (RLIN) | 2101 |
| 650 14 - SUBJECT ADDED ENTRY--TOPICAL TERM | |
| Topical term or geographic name entry element | Autoritarismo |
| General subdivision | historia |
| 9 (RLIN) | 2102 |
| 650 14 - SUBJECT ADDED ENTRY--TOPICAL TERM | |
| Topical term or geographic name entry element | Sistemas políticos |
| General subdivision | fascismo |
| 9 (RLIN) | 2103 |
| 942 ## - ADDED ENTRY ELEMENTS (KOHA) | |
| Source of classification or shelving scheme | Dewey Decimal Classification |
| Koha item type | Books |
| Withdrawn status | Lost status | Source of classification or shelving scheme | Damaged status | Not for loan | Collection code | Home library | Current library | Date acquired | Source of acquisition | Cost, normal purchase price | Total Checkouts | Full call number | Barcode | Date last seen | Copy number | Koha item type |
|---|---|---|---|---|---|---|---|---|---|---|---|---|---|---|---|---|
| Dewey Decimal Classification | Non-fiction | Biblioteca Pública José María del Castillo y Rada | Biblioteca Pública José María del Castillo y Rada | 04/15/2018 | Donación | 0.00 | 320.53 / J171s | 430001344 | 05/16/2024 | Ej.1 | Books |